Statistiques concernant Les requins de fiction par images

Cliquez ici pour prendre le quiz!

Statistiques générales

  • Ce quiz a été pris 52 fois
  • Le résultat moyen est 3 sur 12

Statistiques - réponses

Réponse% Correct
Sharko
70%
Bruce
52%
Grand requin blanc
52%
Mégalodon
41%
Lenny
32%
Sharktopus
16%
Peur Bleue
9%
M. Requin
7%
Requin à 3 têtes
7%
Sous-marin requin
7%
Kon-Tiki
2%
Troy
2%

Distribution des résultats

Percentile par nombre de réponses

% des personnes avec chaque résultat

Votre développement - résultats

Vous n’avez pas pris ce quiz